00457 a2200181 4500260001000000100002000010700001800030260002100048245006400069300001000133650002500143650001100168260000900179300004000188130000700228440002200235020001800257 aParis aLEFORT, Etienne1 aMARCHAL, Jean bEditions du GRET aLes forages à faibles coûts :techniques et procédés a96 p. aMatériel de forage aForage c1996 bcouv. ill. en coul. : ill. ; 30 cm. lFr aEtudes et Travaux a2-96844-080-0